00420nam a2200121Ia 4500008004100000245016400041260002400205260000900229300000800238500000900246650002300255650002000278170224s9999 xx 000 0 und d aEffects of social media users’ attitudes on their perceptions of the attributes of news agency content and their intentions to purchase digital subscriptions bNew Media & Society c2016 a18: a2016 xCommunication Arts xMultimedia Arts